C++ Program Design: An Introduction to programming and Object-Oriented Design. (Record no. 81)

MARC details
005 - DATE AND TIME OF LATEST TRANSACTION
control field 20250618121406.0
020 ## - INTERNATIONAL STANDARD BOOK NUMBER
International Standard Book Number 0-07-22-8-235-5
082 ## - DEWEY DECIMAL CLASSIFICATION NUMBER
Classification number 001.642 COH
100 ## - MAIN ENTRY--PERSONAL NAME
Author name COHOON, J.P.
245 ## - TITLE STATEMENT
Title C++ Program Design: An Introduction to programming and Object-Oriented Design.
250 ## - EDITION STATEMENT
Edition statement 2nd Ed.
260 ## - PUBLICATION, DISTRIBUTION, ETC.
Place of publication, distribution, etc. New york,
Name of publisher, distributor, etc. Mc Graw-Hill,
Date of publication, distribution, etc. 1999.
300 ## - PHYSICAL DESCRIPTION
Extent xxx, 895p.: ill.; figure, picture, table.
Other physical details Index.
Dimensions 10cm.
700 ## - ADDED ENTRY--PERSONAL NAME
Other authors/Editors DAVIDSON, J.W.
856 ## - ELECTRONIC LOCATION AND ACCESS
Link text Acess online book
Electronic name Computer
Path http://www.mhhe.com
942 ## - ADDED ENTRY ELEMENTS (KOHA)
Source of classification or shelving scheme Dewey Decimal Classification
Koha item type Books
Holdings
Date last seen Total checkouts Full call number Barcode Cost, replacement price Price effective from Koha item type Lost status Source of classification or shelving scheme Damaged status Not for loan Withdrawn status Home library Current library Shelving location Date acquired Cost, normal purchase price
03/06/2025   001.642 COH 000000159 144000.00 03/06/2025 Books   Dewey Decimal Classification       College of Business Education Main Library College of Business Education Main Library General Collection 03/06/2025 48000.00
03/06/2025   001.642 COH 000000160 144000.00 03/06/2025 Books   Dewey Decimal Classification       College of Business Education Main Library College of Business Education Main Library General Collection 03/06/2025 48000.00